[Event "Paris Grand Prix du Senat 2nd"]
[Site "Paris"]
[Date "2001.04.05"]
[Round "1.2"]
[White "Lautier, Joel"]
[Black "Fressinet, Laurent"]
[Result "0-1"]
[WhiteElo "2658"]
[BlackElo "2575"]
[Annotator "Hecht,H"]
[PlyCount "144"]
[EventDate "2001.05.05"]
[EventType "k.o."]
[EventRounds "2"]
[EventCountry "FRA"]
[SourceTitle "CBM 083"]
[Source "ChessBase"]
[SourceDate "2001.07.05"]
[SourceVersion "1"]
[SourceVersionDate "2001.07.05"]
[SourceQuality "1"]

1. d4 d5 2. c4 c6 3. Nf3 Nf6 4. e3 Bf5 5. Nc3 e6 6. Nh4 Be4 7. f3 Bg6 8. Qb3
Qb6 9. Nxg6 hxg6 10. Bd2 Nbd7 11. O-O-O Bd6 12. h3 O-O-O 13. Qc2 Qc7 14. Kb1
Kb8 15. Rc1 dxc4 16. Bxc4 Nb6 17. Bb3 e5 18. Ne2 Qe7 19. Rhd1 e4 20. Rf1 Nbd5
21. f4 Rc8 22. Ka1 c5 23. Qc4 a6 24. Qa4 Ka7 25. dxc5 Bxc5 26. Nd4 Rhd8 27.
Rfd1 Bb6 28. Rxc8 Rxc8 29. Ba5 Rd8 30. Nc2 Nc3 31. Bxb6+ Kxb6 32. bxc3 Rxd1+
33. Kb2 Rd2 34. g4 Nd7 35. Qc4 Nc5 36. Kc1 Qd6 37. Nd4 Rh2 38. Bc2 Nd3+ 39.
Bxd3 Qa3+ 40. Kd1 exd3 41. Nb3 Qd6 42. Nd4 Ka7 43. Qxf7 Qb6 44. Qb3 Qxb3+ 45.
axb3 {[#] Technik und Taktik bei vielen Bauern} Kb6 46. g5 a5 47. e4 Kc5 48.
Ne6+ Kd6 49. Nd4 a4 50. bxa4 Kc5 51. Nf3 Rxh3 52. Ne5 Re3 53. Kd2 Rxe4 54. Nxg6
Rxa4 55. Kxd3 b5 56. f5 Rg4 57. Nf8 Kd6 58. Ne6 g6 59. Nd4 gxf5 60. Nxf5+ Kc5
61. Ng7 (61. Ne3 $142 Rxg5 62. Ke4 Kb6 63. Kd4 Ka5 64. Nd5 Ka4 65. Nb6+ Kb3 66.
Nd7 {überzeugt mich noch nicht für Schwarz}) 61... Rg3+ 62. Ke4 Kc4 63. Kf5
Kxc3 64. Ne6 b4 65. Nc5 Rg2 66. Ne4+ Kd4 67. Nd6 Kd5 68. Ne4 b3 69. g6 b2 70.
Nc3+ Kc4 71. Nb1 Rg1 72. Nd2+ Kd3 0-1

[Event "Baden-Baden"]
[Site "Baden-Baden"]
[Date "1992.12.17"]
[Round "11"]
[White "Boensch, Uwe"]
[Black "Hertneck, Gerald"]
[Result "1-0"]
[WhiteElo "2490"]
[BlackElo "2560"]
[Annotator "Hertneck,G"]
[PlyCount "95"]
[EventDate "1992.12.??"]
[EventType "tourn"]
[EventRounds "11"]
[EventCountry "GER"]
[EventCategory "14"]
[SourceTitle "CBM 033"]
[Source "ChessBase"]
[SourceDate "1993.04.01"]
[SourceVersion "1"]
[SourceVersionDate "1993.04.01"]
[SourceQuality "1"]

1. d4 Nf6 2. Nf3 d5 3. c4 c6 4. e3 Bf5 5. cxd5 cxd5 6. Qb3 Qc7 7. Nc3 e6 8. Bd2
Nc6 9. Bb5 Bd6 10. Rc1 Rb8 $1 (10... O-O $4 11. Bxc6 bxc6 12. Nb5 $18) 11. Nh4
Be4 (11... Bg6 $5 12. Nxg6 hxg6 13. h3 g5 14. e4 Nxe4 15. Nxe4 dxe4 16. Bxg5
$13) 12. f3 (12. Nxe4 Nxe4 13. Bb4 O-O 14. Bxd6 Qxd6 $10) 12... Bg6 13. Nxg6
hxg6 14. f4 a6 15. Bd3 (15. Be2 $5 g5 16. fxg5 Bxh2 17. Rxh2 Qxh2 18. gxf6 Qxg2
19. Kd1 Rh1+ 20. Kc2 Qg6+ 21. Bd3 Rxc1+ 22. Bxc1 Qxf6 $13) 15... g5 $1 $146 (
15... Nd7 16. Qd1 {Gurevich,M-Anand,V, Reggio Emilia 1991, 53/357} g5 $140 17.
fxg5 Bxh2 18. Qf3 $13) 16. fxg5 $6 (16. Ne2 gxf4 17. exf4 b5 {/\ Qb6}) 16...
Ng4 17. g6 (17. h3 $2 Be7 $1 18. Ne2 (18. Ke2 Qg3 19. Rcg1 Bxg5 $17) 18... Bxg5
19. Bxa6 $2 Bh4+ (19... bxa6 20. Rxc6 $13) 20. Kf1 Nf2 21. Rg1 Ne4 $1 22. Be1
Bxe1 $19) (17. Ke2 Bxh2 18. Nxd5 $5 exd5 (18... Qg3 $5 19. Nf4 Qf2+ (19... Qxf4
$2 20. exf4 Nxd4+ 21. Kf1 Nxb3 22. axb3 Rd8 23. Ke2 Nf2 24. Kxf2 Rxd3 25. Rc8+
Rd8 26. Rxd8+ Kxd8 27. Kf3 {/\ g3 +-}) 20. Kd1 Nxe3+ 21. Bxe3 Qxe3 22. Nxe6 $1
Qxe6 23. Re1 Qxe1+ 24. Kxe1 Bg3+ 25. Kd2 Bf4+ 26. Kc3 Bxc1 27. g6 $13) 19. Qxd5
Ne7 $1 20. Qe4 Qd7 21. Bb4 Qe6 $13) 17... Bxh2 (17... f5 $6 18. h3 (18. Nxd5 $5
exd5 19. Qxd5 Nf6 20. Qxf5 $13) 18... Be7 19. Ne2 Bh4+ 20. Kf1 Nf2 21. Rg1 Nxd3
22. Qxd3 $14) 18. gxf7+ Qxf7 $6 (18... Kd7 $1 19. Rf1 (19. Kf1 Qg3 20. Nd1 Rh6
$1 21. Bf5 Rf6 22. Qxd5+ Ke7 $19) 19... Qg3+ 20. Kd1 Nf2+ 21. Rxf2 (21. Kc2 $2
Nxd4+ $19) 21... Qxf2 $17) 19. Rf1 Nf2 $1 (19... Qh5 $2 20. Rf3 Bg3+ {Boensch}
21. Rxg3 Qh4 22. Ne4 $1 $16 (22. Ne2 Qh1+ $19)) (19... Bg3+ $2 20. Kd1 (20. Ke2
$2 Nf2 $19) 20... Nf2+ 21. Kc2 Rh2 22. Ne2 $13) 20. Nd1 $8 (20. Rxf2 $2 Bg3 21.
Nd1 O-O $19) (20. Ne2 $2 O-O 21. Nf4 Nxd3+ (21... Bxf4 22. exf4 Nxd4 23. Qc3
Nxd3+ 24. Qxd3 Nc6 $17) 22. Qxd3 g5 23. Qg6+ Qxg6 24. Nxg6 Rxf1+ 25. Kxf1 Kf7
26. Ne5+ Nxe5 $17) 20... Nxd3+ 21. Qxd3 Bg3+ (21... Qh5 22. Rf3 Kd7 {Boensch})
22. Ke2 Qh5+ 23. Rf3 Ne7 (23... e5 $2 24. dxe5 Nxe5 25. Qf5 Qxf5 (25... Nxf3 $4
26. Qe6+ Kd8 27. Ba5+ $18) 26. Rxf5 $14) (23... Rf8 24. Nf2 Bxf2 25. Kxf2 Kd7
$15 {Boensch}) 24. Nc3 $1 (24. Nf2 Bxf2 25. Kxf2 Qh4+ $15) 24... Nf5 $6 (24...
Qh2 25. Rcf1 Qxg2+ 26. Kd1 Rh1 27. e4 $1 $44 {Boensch} e5) (24... Ng6 $2 25.
Rh1 Nh4 26. Rh3) 25. Nxd5 O-O $2 (25... Nh4 $1 26. Qe4 Rh6 $1 27. Rc5 (27. Rh1
Qg5 28. Rxh4 Qxh4 29. Qxh4 Bxh4) 27... g5 28. Nc7+ $40) (25... Rf8 $2 26. Qe4)
(25... Qh2 $6 26. Qe4 Qxg2+ 27. Kd3 Rh6 28. Nc7+ $40) 26. e4 $1 $16 exd5 (26...
Nh4 $2 27. Ne7+ Kh8 28. Rh1 $16) 27. exf5 Rbe8+ 28. Kd1 Bd6 29. Kc2 Re4 30.
Rcf1 $2 (30. Re1 $1 Qg4 (30... Rxe1 31. Bxe1 Qg4 32. Qe2 $1 $16) 31. Rxe4 dxe4
32. Qc4+ Rf7 $13 33. Rf2 Bg3 $140 34. Qe2 Qxe2 35. Rxe2 Rxf5 36. Rxe4 Kf7 (
36... Rf2 37. Kd3 Rxg2 38. Rg4 $1 $16) 37. Kd3 $16) 30... Qg4 31. Bc3 (31. f6
Rxd4 $13) (31. Be3 Qxg2+ 32. R1f2 Qh1 $1) 31... Qxg2+ $13 32. R1f2 Qg5 {/\ Bf4}
33. Qf1 Rf6 34. Kb1 (34. Kb3 Re3 $1 $13) 34... Qg4 $2 (34... Rg4 $1 35. Bd2 Qh5
$13) 35. a3 Qh5 36. Ka2 Qe8 37. Bd2 Qa4 38. Qh1 $1 Qc4+ $2 (38... Qxd4 39. Rh3
$1 (39. Bc3 $2 Qc4+ 40. b3 Re2+ 41. Ka1 Qe4 42. Rxe2 (42. Bxf6 Be5+ $19) 42...
Qxe2 43. Bxf6 $2 gxf6 $17) 39... Bxa3 $140 40. Rh8+ Kf7 41. Qh5+ Ke7 42. Qe8+
Kd6 43. Qb8+ Kc6 44. Rc8+ Kb6 45. Qc7+ Ka7 46. Be3 $3 Rxe3 47. Qd8 $1 $18) 39.
Ka1 Rxd4 40. Rh3 $16 (40. Bc3 $2 Rh4) 40... Kf7 41. Rh8 Ke7 42. Qh5 Qc6 (42...
Qb5 43. Bc3 $16) 43. Rg2 $18 Be5 44. Rxg7+ Kd6 45. Rd8+ Kc5 46. Be3 Kb5 47.
Qe2+ $1 Qc4 48. Rxd5+ 1-0

[Event "Groningen"]
[Site "Groningen"]
[Date "1991.??.??"]
[Round "2"]
[White "Brenninkmeijer, Joris"]
[Black "Dreev, Alexey"]
[Result "1/2-1/2"]
[WhiteElo "2525"]
[BlackElo "2610"]
[Annotator "Hertneck,G"]
[PlyCount "38"]
[EventDate "1991.12.??"]
[EventType "tourn"]
[EventRounds "9"]
[EventCountry "NED"]
[EventCategory "13"]
[SourceTitle "CBM 027"]
[Source "ChessBase"]
[SourceDate "1992.04.01"]
[SourceVersion "1"]
[SourceVersionDate "1992.04.01"]
[SourceQuality "1"]

1. d4 d5 2. c4 c6 3. Nf3 Nf6 4. e3 Bf5 5. cxd5 cxd5 6. Qb3 Qc7 7. Bd2 e6 8.
Bb5+ Nc6 9. Bb4 Bd6 {TN} 10. Qa3 Ke7 11. Bxd6+ Qxd6 12. Bxc6 bxc6 13. Ne5 c5
14. Nc3 (14. Qxc5 Qxc5 15. dxc5 Rhc8 16. c6 (16. b4 a5 $17) 16... Ng4 17. Nxg4
Bxg4 18. Nc3 Rxc6 $10) 14... Rhc8 15. Rc1 cxd4 16. Qxd6+ Kxd6 17. exd4 Ke7 $15
18. Kd2 h5 19. f3 Ne8 1/2-1/2

[Event "Tilburg"]
[Site "Tilburg"]
[Date "1990.09.10"]
[Round "4"]
[White "Andersson, Ulf"]
[Black "Timman, Jan H"]
[Result "1/2-1/2"]
[WhiteElo "2630"]
[BlackElo "2660"]
[Annotator "Hertneck,G"]
[PlyCount "104"]
[EventDate "1990.09.??"]
[EventType "tourn"]
[EventRounds "14"]
[EventCountry "NED"]
[EventCategory "16"]
[SourceTitle "CBM 020"]
[Source "ChessBase"]
[SourceDate "1991.02.01"]
[SourceVersion "1"]
[SourceVersionDate "1991.02.01"]
[SourceQuality "1"]

1. Nf3 {Hertneck} d5 2. d4 Nf6 3. c4 c6 4. e3 Bf5 5. cxd5 cxd5 6. Qb3 Qc7 7.
Bd2 Nc6 8. Bb5 e6 9. Bb4 Bxb4+ 10. Qxb4 Qe7 11. Qxe7+ Kxe7 12. Bxc6 bxc6 13.
Nc3 Rhc8 14. Na4 Nd7 (14... Be4 15. Rc1 Bxf3 16. gxf3 {1/2 Vaganjan,R-Dolmatov,
S [SSSR ch 1989] i48(497) but white could improve with 15.Ke2, 16.Rc3 +/=}) 15.
Rc1 Kd6 16. Ke2 Bg4 (16... c5 17. dxc5+ Nxc5 18. Nxc5 Rxc5 19. Rxc5 Kxc5 20.
Nd4 Bg6 21. f4 Kb6 22. Rc1 Kb7 $1 {/\ Rc8 =}) 17. Rc3 e5 18. dxe5+ Nxe5 19. h3
Bxf3+ 20. gxf3 c5 21. Rd1 $1 $14 c4 22. b3 Ke6 23. bxc4 dxc4 24. Rd4 Rab8 25.
Rc2 Rb4 26. Nb2 Rcb8 27. Nd1 Rc8 {g5 !?} 28. Nb2 Rcb8 29. Nd1 Rc8 30. f4 Nd3
31. Kd2 $1 {/\ Rxd3} Rbb8 32. Rcxc4 Rxc4 33. Rxc4 Nb2 34. Rc6+ Kd5 35. Rc7 Nxd1
36. Kxd1 Rb2 37. Rxa7 Rxf2 38. Rxf7 Ke4 39. Rxg7 Kxe3 40. a4 Ra2 41. Ra7 Kxf4
42. Rxh7 Ke3 43. Re7+ Kd3 44. Ke1 Rxa4 45. Kf2 Kd4 46. h4 Kd5 47. Kg3 Kd6 48.
Re1 Ra7 49. h5 Re7 50. Rf1 Ke6 51. Kh4 Rf7 52. Rg1 Rf2 {2.34-2.14} 1/2-1/2

[Event "Biel"]
[Site "Biel"]
[Date "1992.??.??"]
[Round "2"]
[White "Georgiev, Kiril"]
[Black "Lautier, Joel"]
[Result "1/2-1/2"]
[WhiteElo "2610"]
[BlackElo "2580"]
[Annotator "Hertneck,G"]
[PlyCount "75"]
[EventDate "1992.07.??"]
[EventType "tourn"]
[EventRounds "14"]
[EventCountry "SUI"]
[EventCategory "16"]
[SourceTitle "CBM 031"]
[Source "ChessBase"]
[SourceDate "1992.12.01"]
[SourceVersion "1"]
[SourceVersionDate "1992.12.01"]
[SourceQuality "1"]

1. d4 d5 2. c4 c6 3. Nf3 Nf6 4. e3 Bf5 5. cxd5 cxd5 6. Qb3 Qc7 7. Bd2 Nc6 8.
Bb5 e6 9. Bb4 Bxb4+ {The latest fashion is 9...Bd6 10.Qa3 Ke7!, but I suppose
Lautier has examined the old mainline with his team mate U. Andersson} 10. Qxb4
Qe7 11. Bxc6+ bxc6 12. Qxe7+ Kxe7 13. Nc3 Rhc8 14. Na4 Be4 $1 (14... Nd7 15.
Rc1 Rab8 $6 (15... Be4) 16. b3 $6 (16. Nh4) 16... Rb5 $6 17. Nh4 {+/=/+/-
Paehtz-Dreev, Berlin op 1991}) 15. Ke2 (15. Rc1 $6 Bxf3 16. gxf3 $10 {similar
to Vaganian-Dolmatov, URS-ch 1989 1/2 (with Nd7 and Rh8)}) 15... Nd7 16. Rhc1
Bxf3+ $1 {Obviously black should get rid of his bad bishop in time} 17. Kxf3
Kd6 18. Rc3 Rab8 19. b3 f6 $1 {The structure after 19...e5?! 20.de5 Ne5 was
favourable for white in Andersson-Timman, Tilburg 1990 (in a slightly
different position). The idea ...f6 was introduced by Bareev in his game
against Salov, Dortmund 92} 20. Rac1 e5 $10 {With a series of accurate moves
black has gained full equality - maybe the first time in this line!} 21. Ke2
Rb4 22. Kd3 a5 23. a3 Rb5 24. Ke2 Rc7 25. R1c2 Rb8 26. Kd2 Rb5 27. Rc1 Rbb7 28.
R1c2 Rb8 29. Kc1 Rb5 30. Kb2 Rc8 31. Ka2 Rc7 32. Nb2 exd4 33. exd4 Nf8 $1 34.
Na4 Ne6 35. Rd2 Rcb7 36. Re3 Rb8 37. g3 R5b7 38. Rd1 1/2-1/2

[Event "WchT 3rd"]
[Site "Luzern"]
[Date "1993.??.??"]
[Round "4.2"]
[White "Graf, Alexander"]
[Black "Tukmakov, Vladimir B"]
[Result "1/2-1/2"]
[WhiteElo "2580"]
[BlackElo "2600"]
[Annotator "Hertneck,G"]
[PlyCount "81"]
[EventDate "1993.10.24"]
[EventType "team-tourn"]
[EventRounds "9"]
[EventCountry "SUI"]
[SourceTitle "CBM 038"]
[Source "ChessBase"]
[SourceDate "1994.02.01"]
[SourceVersion "1"]
[SourceVersionDate "1994.02.01"]
[SourceQuality "1"]
[WhiteTeam "Uzbekistan"]
[BlackTeam "Ukraine"]
[WhiteTeamCountry "UZB"]
[BlackTeamCountry "UKR"]

1. d4 d5 2. c4 c6 3. Nf3 Nf6 4. e3 Bf5 5. Nc3 e6 6. Nh4 Bg4 7. Qb3 Qc7 8. h3
Bh5 9. g4 Bg6 10. Nxg6 (10. g5 Nfd7 11. Nxg6 hxg6 12. cxd5 exd5 13. Bg2 $14 {
Nenashev,A-Kalinichev,S/Novosibirsk/1989}) 10... hxg6 11. g5 Ng8 12. cxd5 exd5
(12... cxd5 $142) 13. e4 dxe4 14. d5 $1 Nd7 (14... f5 15. dxc6 bxc6 16. Bc4 Ne7
17. Bf7+ $40) 15. dxc6 bxc6 16. Nxe4 Qe5 17. Bg2 Rh4 (17... f5 18. gxf6 Ngxf6
19. Qb7 $1 $16) 18. f4 Qd4 19. Be3 Qb4+ 20. Qxb4 Bxb4+ 21. Kf2 Ne7 22. a3 Ba5
23. Nd6+ Kf8 24. Rhd1 $2 (24. Rac1 Nd5 25. Rhd1 $1 $16) 24... Bb6 $132 25. Bxb6
Nxb6 26. Kg3 Rh8 27. Rac1 Rd8 28. Be4 (28. Bxc6 $4 Rxd6 29. Rxd6 Nf5+ $19)
28... Nbd5 29. Nc4 Re8 30. Rd3 f6 31. gxf6 gxf6 32. b4 Nxf4 $1 $10 33. Kxf4
Rh4+ 34. Kf3 f5 35. Bxf5 Nxf5 36. Kg2 Re2+ 37. Kf1 Rh2 38. Kg1 R2xh3 39. Rxh3
Rxh3 40. Ne5 Rxa3 41. Rxc6 1/2-1/2

[Event "WchT 3rd"]
[Site "Luzern"]
[Date "1993.??.??"]
[Round "6.4"]
[White "Costa, Jean Luc"]
[Black "Thorsteins, Karl"]
[Result "0-1"]
[WhiteElo "2425"]
[BlackElo "2495"]
[Annotator "Hertneck,G"]
[PlyCount "76"]
[EventDate "1993.10.24"]
[EventType "team-tourn"]
[EventRounds "9"]
[EventCountry "SUI"]
[SourceTitle "CBM 038"]
[Source "ChessBase"]
[SourceDate "1994.02.01"]
[SourceVersion "1"]
[SourceVersionDate "1994.02.01"]
[SourceQuality "1"]
[WhiteTeam "Switzerland"]
[BlackTeam "Iceland"]
[WhiteTeamCountry "SUI"]
[BlackTeamCountry "ISL"]

1. d4 d5 2. c4 c6 3. Nf3 Nf6 4. e3 Bf5 5. cxd5 cxd5 6. Qb3 Qc7 7. Bd2 Nc6 8.
Bb5 e6 9. Bb4 Bxb4+ 10. Qxb4 Nd7 $146 11. Qa3 a6 12. O-O Rc8 13. Nc3 $2 (13.
Bxc6 $142 $13) 13... Qa5 $1 (13... axb5 $2 14. Nxb5 Qa5 15. Nd6+ $18) (13...
Qb6 14. Ba4 $14) 14. Bxc6 (14. Qxa5 Nxa5 15. Bxd7+ Kxd7 16. Rfc1 f6 $15) 14...
Qxa3 15. Bxd7+ Kxd7 16. Ne5+ Ke7 $1 (16... Ke8 $2 17. bxa3 Rxc3 18. Rfc1 Rxc1+
19. Rxc1 $16) 17. Nxd5+ exd5 18. bxa3 f6 $1 19. Nf3 (19. g4 $4 Be4 20. f3 Bc2
$18) 19... Rc3 $15 20. h3 Rhc8 21. a4 Ra3 22. g4 Bd3 23. Rfc1 Rxc1+ 24. Rxc1
Kd6 25. Rc8 Rxa4 26. Rd8+ Kc7 27. Rg8 Rxa2 28. Rxg7+ Kb8 29. h4 a5 30. g5 fxg5
31. Ne5 Bf5 32. hxg5 a4 33. Rf7 Bg6 34. Rd7 a3 35. Rxd5 Ra1+ 36. Kh2 Rh1+ 37.
Kg3 a2 38. Nd7+ Kc7 0-1

[Event "Haninge"]
[Site "Haninge"]
[Date "1992.??.??"]
[Round "8"]
[White "Hansen, Lars Bo"]
[Black "Hector, Jonny"]
[Result "1/2-1/2"]
[WhiteElo "2535"]
[BlackElo "2535"]
[Annotator "Hertneck,G"]
[PlyCount "66"]
[EventDate "1992.05.??"]
[EventType "schev"]
[EventRounds "5"]
[EventCountry "SWE"]
[SourceTitle "CBM 030"]
[Source "ChessBase"]
[SourceDate "1992.10.01"]
[SourceVersion "1"]
[SourceVersionDate "1992.10.01"]
[SourceQuality "1"]

1. d4 d5 2. c4 c6 3. Nf3 Nf6 4. e3 Bf5 5. cxd5 cxd5 6. Qb3 Qc7 7. Nc3 e6 8. Bd2
Nc6 9. Rc1 $5 (9. Bb5 Bd6 $1 10. Rc1 Rb8 $1 $13 {Gurevich,M-Anand,V, Reggio
Emilia, 43/357}) 9... a6 10. Ne5 (10. Na4 $5) 10... Bd6 11. Nxc6 (11. f4 $5)
11... bxc6 12. Na4 O-O 13. Bb4 $2 (13. Qc3 $13) 13... Bxb4+ 14. Qxb4 Rfb8 15.
Qa3 (15. Qc3 $2 Ne4 16. Qxc6 Qa5+ 17. Nc3 Rc8 $19) 15... Qa5+ 16. Nc3 Qxa3 17.
bxa3 Rb2 $17 18. f3 Nd7 19. Be2 h6 20. O-O c5 21. dxc5 Nxc5 22. Rf2 Bd3 23. Bf1
Rab8 24. Rxb2 Rxb2 25. Na4 Nxa4 26. Rc8+ Kh7 27. Bxd3+ g6 28. Bxa6 Kg7 29. Rc7
Kf8 30. Rc8+ Ke7 31. Rc7+ Kf8 32. Rc8+ Kg7 33. Rc7 Kf8 1/2-1/2

[Event "Interzonal-16"]
[Site "Biel"]
[Date "1993.??.??"]
[Round "10"]
[White "Kozul, Zdenko"]
[Black "Gurevich, Mikhail"]
[Result "0-1"]
[WhiteElo "2595"]
[BlackElo "2605"]
[Annotator "Hertneck,G"]
[PlyCount "120"]
[EventDate "1993.07.16"]
[EventType "swiss"]
[EventRounds "13"]
[EventCountry "SUI"]
[SourceTitle "CBM 037"]
[Source "ChessBase"]
[SourceDate "1993.12.01"]
[SourceVersion "1"]
[SourceVersionDate "1993.12.01"]
[SourceQuality "1"]

1. d4 d5 2. c4 c6 3. e3 Nf6 4. Nf3 Bf5 5. cxd5 cxd5 6. Nc3 e6 7. Qb3 Qc7 8. Bd2
Nc6 9. Ne5 $5 (9. Bb5 Bd6 10. Rc1 Rb8 $1) (9. Rc1) 9... Be7 (9... Nxe5 10. dxe5
Nd7 11. Rc1 $36) 10. Nb5 Qb6 11. a4 O-O (11... a6 $4 12. Nd6+) 12. a5 Qd8 13.
a6 $146 (13. Bd3 Bxd3 14. Qxd3 Nxe5 15. dxe5 Nd7 16. Bc3 a6 17. Na3 Qc7 $17 {
Borges Mateos,J-Chernin,A/Polanica Zdroj/1988}) 13... Qb6 14. Nxc6 (14. axb7
Qxb7 15. Nxc6 Qxc6 16. Rxa7 $6 Rxa7 $1 (16... Rfb8 17. f3 $1 Rxa7 18. Nxa7 Qa8
19. Nb5 $13) 17. Nxa7 Qa8 (17... Qd7 18. Nb5 Ra8 19. Na3 Ne4 $44) 18. Qa4 Ne4
$1 $36) 14... bxc6 (14... Qxc6 15. Rc1 $5 Qb6 16. axb7 (16. Rc7 bxa6 17. Rxe7
axb5 18. Qxb5 Qxb5 19. Bxb5 Rab8 $15) 16... Rab8 $13) 15. Ba5 Qb8 16. Bc7 Qc8
17. Bd6 Qd8 (17... Re8 $6 18. Bxe7 Rxe7 19. Qa3 $1 Rd7 20. Nd6 $16 {/\ Nb7})
18. Qa3 Bxd6 19. Nxd6 Ne4 $1 $15 20. Nxf5 (20. Nxe4) (20. Nb7 Qh4 $132) 20...
exf5 21. Bd3 Rb8 22. Bc2 (22. O-O $2 Nd2 {/\ Rb3} (22... Nd2 23. Rfd1 Rb3 24.
Qc5 Rxd3 25. Qc2 Nf3+ 26. gxf3 Rxd1+ 27. Rxd1 Qb6 $13)) 22... Re8 23. O-O Re6
$1 $36 24. f3 (24. Bxe4 fxe4 25. f4 $10) 24... Nd6 $17 25. Rfe1 g6 26. Qc3 Qb6
27. Bd3 Nb5 28. Qb4 (28. Bxb5 Qxb5 29. Ra2 Rb6 $15) 28... f4 29. e4 (29. Bxb5
fxe3 30. Ra3 Qxb5 31. Qxb5 Rxb5 32. Raxe3 Rxe3 33. Rxe3 Kf8 $1 $17) 29... Nxd4
30. Qxb6 Rxb6 31. exd5 cxd5 $19 32. Reb1 Nb3 33. Ra2 Rec6 34. Bf1 Kf8 35. Rd1
Rc5 36. Ra4 g5 37. h4 h6 38. Kh2 Ke7 39. Kh3 f5 40. Re1+ Re6 41. Rxe6+ Kxe6 42.
g4 (42. Rb4 Rc1 $1 43. Rxb3 Rxf1 44. Kh2 Ra1 $19) 42... fxg3 43. Kxg3 Rc1 44.
Be2 Ke5 45. hxg5 hxg5 46. Ra3 (46. Rb4 Nd4 47. Bd3 Rd1 48. Bb5 Nxb5 49. Rxb5
Ra1) 46... Nd4 47. Re3+ Kd6 48. Re8 Re1 (48... Nxe2+ 49. Rxe2 Ra1 50. Rh2 $1
$132) 49. Rd8+ Ke7 50. Rxd5 (50. Ra8 Rxe2 51. Rxa7+ Kd6 52. Ra8 Nc6 53. a7 Nxa7
54. Rxa7 Rxb2 55. Rg7 f4+ 56. Kh3 (56. Kg4 Rg2+ 57. Kf5 Rg3) 56... Rf2) 50...
Nxe2+ 51. Kf2 Nf4 52. Rb5 (52. Rxf5 Re2+ 53. Kf1 Rxb2 54. Rxg5 Rb1+ 55. Kf2
Nh3+) 52... Re2+ 53. Kf1 Rd2 54. b4 Ke6 55. Rb8 Rd7 56. b5 Nd5 57. Rg8 Kd6 58.
Rxg5 Rf7 59. Rg8 Kc5 60. Rb8 Nb6 0-1

[Event "Dortmund"]
[Site "Dortmund"]
[Date "1992.??.??"]
[Round "4"]
[White "Salov, Valery"]
[Black "Shirov, Alexei"]
[Result "1/2-1/2"]
[WhiteElo "2655"]
[BlackElo "2655"]
[Annotator "Hertneck,G"]
[PlyCount "87"]
[EventDate "1992.04.16"]
[EventType "tourn"]
[EventRounds "9"]
[EventCountry "GER"]
[EventCategory "17"]
[SourceTitle "CBM 029"]
[Source "ChessBase"]
[SourceDate "1992.08.01"]
[SourceVersion "1"]
[SourceVersionDate "1992.08.01"]
[SourceQuality "1"]

1. d4 d5 2. c4 c6 3. Nf3 Nf6 4. e3 Bf5 5. Bd3 Bxd3 6. Qxd3 e6 7. Nc3 Nbd7 8.
O-O Bd6 9. e4 dxe4 10. Nxe4 Nxe4 11. Qxe4 O-O 12. Bg5 (12. Bd2 {/\ Bc3}) 12...
Be7 13. Bf4 Nf6 14. Qe2 c5 15. Rfd1 $14 cxd4 16. Nxd4 Qb6 17. Rd3 Rfd8 18. Rad1
Rac8 19. b3 a6 20. h3 Bc5 21. Be3 Rd7 22. Nc2 Rcd8 23. Rxd7 Rxd7 24. Rxd7 Nxd7
25. b4 Bxe3 26. Qxe3 Qc6 27. Qd3 h6 28. c5 Nf6 29. Ne3 Nd5 30. Nxd5 exd5 31. a3
a5 32. g3 axb4 33. axb4 h5 34. h4 g6 35. Qd4 Kf8 36. Kg2 Ke7 37. Kf3 Kd7 38.
Kf4 Qe6 39. b5 f6 40. Kf3 Kc7 41. Qa4 Kd7 42. Qd4 Kc7 43. Kg2 Kd7 44. Kf3
1/2-1/2

[Event "Haninge"]
[Site "Haninge"]
[Date "1992.??.??"]
[Round "2"]
[White "Cifuentes Parada, Roberto"]
[Black "Hector, Jonny"]
[Result "0-1"]
[WhiteElo "2540"]
[BlackElo "2535"]
[Annotator "Hertneck,G"]
[PlyCount "76"]
[EventDate "1992.05.??"]
[EventType "schev"]
[EventRounds "5"]
[EventCountry "SWE"]
[SourceTitle "CBM 030"]
[Source "ChessBase"]
[SourceDate "1992.10.01"]
[SourceVersion "1"]
[SourceVersionDate "1992.10.01"]
[SourceQuality "1"]

1. d4 d5 2. c4 c6 3. Nf3 Nf6 4. e3 Bf5 5. cxd5 cxd5 6. Qb3 Qc7 7. Bd2 e6 8.
Bb5+ Nc6 9. Bb4 Bd6 $1 10. Qa3 Ne4 $146 (10... Ke7 11. Bxd6+ (11. Bxc6 bxc6 12.
Nc3 Nd7 $1 13. Rc1 Rab8 14. Bxd6+ Qxd6 15. Qxd6+ Kxd6 16. Na4 Rhc8 17. b3 c5
18. dxc5+ Nxc5 19. Nxc5 Rxc5 20. Rxc5 Kxc5 21. Nd4 $1 $10 {Mohr,S-Hertneck,G,
Bundesliga 1992}) 11... Qxd6 12. Bxc6 bxc6 13. Ne5 c5 $1 14. Nc3 Rhc8 $13 {
Brenninkmeijer,J-Dreev,A, Groningen 1991}) 11. Nbd2 O-O 12. Bxc6 Qxc6 13. O-O (
13. Ne5 Bxe5 14. dxe5 (14. Bxf8 Nxd2 15. Kxd2 Qc2+ 16. Ke1 Bd3 $19) 14... Nxd2
15. Bxd2 d4 16. O-O d3 $15) 13... Bxb4 14. Qxb4 a5 15. Qa3 Nxd2 16. Nxd2 Rfc8
$15 17. Nf3 (17. Nb3 b6 18. Rac1 Qb5 19. Rxc8+ Rxc8 20. Rc1 Rxc1+ 21. Nxc1 $15)
17... b5 18. Ne5 Qc7 $17 19. b3 b4 20. Qb2 f6 21. Rfc1 Qb7 22. Nf3 Ra6 23. a3
Rac6 24. axb4 axb4 25. Rxc6 Rxc6 26. Rc1 Qc8 27. Rxc6 Qxc6 28. h3 Qc3 29. Qa2
Qc1+ 30. Kh2 Qa3 31. Qe2 Qxb3 32. Qa6 h6 33. g4 Qc2 34. Kg3 Be4 35. Qxe6+ Kh7
36. Nh4 b3 37. f3 b2 38. fxe4 Qxe4 0-1

[Event "Reggio Emilia-A 9192 34th"]
[Site "Reggio Emilia"]
[Date "1992.??.??"]
[Round "4"]
[White "Gurevich, Mikhail"]
[Black "Anand, Viswanathan"]
[Result "1-0"]
[WhiteElo "2630"]
[BlackElo "2650"]
[Annotator "Hertneck,G"]
[PlyCount "109"]
[EventDate "1991.12.??"]
[EventType "tourn"]
[EventRounds "9"]
[EventCountry "ITA"]
[EventCategory "18"]
[SourceTitle "CBM 027"]
[Source "ChessBase"]
[SourceDate "1992.04.01"]
[SourceVersion "1"]
[SourceVersionDate "1992.04.01"]
[SourceQuality "1"]

1. d4 Nf6 2. c4 c6 3. Nf3 d5 4. e3 Bf5 5. cxd5 cxd5 6. Qb3 Qc7 7. Nc3 e6 8. Bd2
Nc6 9. Bb5 Bd6 10. Rc1 Rb8 $1 (10... O-O $4 11. Bxc6 bxc6 12. Nb5 Qd7 13. Nxd6
Qxd6 14. Bb4 $18) 11. Nh4 Be4 $6 12. f3 Bg6 13. Nxg6 hxg6 14. f4 $13 a6 15. Bd3
Nd7 16. Qd1 Qd8 17. Qg4 Rh6 18. h3 f5 19. Qf3 Nf6 20. O-O Kf7 21. Qe2 Qd7 22.
a3 Rhh8 23. Rfd1 Ne7 24. Be1 Rbc8 25. Na2 Rxc1 26. Rxc1 Rc8 27. Rxc8 Qxc8 28.
g4 Ne4 29. Kg2 Qc6 30. Qd1 Ng8 31. Nc1 Ngf6 32. Be2 Nd7 33. Ba5 Nb6 34. Bxb6
Qxb6 35. Nd3 Qa5 36. g5 Ke7 37. Qc2 Qd2 38. Qxd2 Nxd2 39. Kf2 b5 40. Bd1 Nc4
41. Ke2 Nb6 42. Bb3 a5 43. Kd2 Nc4+ 44. Bxc4 bxc4 45. Ne1 Ke8 46. Kc3 Kd7 47.
Nf3 Ke8 48. Kc2 Kf7 49. Ne5+ Bxe5 50. fxe5 Ke7 51. b3 Kd7 52. bxc4 dxc4 53. Kc3
Kc6 54. Kxc4 a4 55. h4 1-0